| 000 | 00513nam a2200181Ia 4500 | ||
|---|---|---|---|
| 005 | 20250508150347.0 | ||
| 008 | 008 250505s9999 xx 000 0 eng d | ||
| 037 | _aTextual | ||
| 040 |
_aFEDL _beng _cFEDL |
||
| 041 |
_aeng _2eng |
||
| 084 |
_a940, FUL _qFEDL |
||
| 100 | _aFuller J F C | ||
| 245 | 0 | _aSecond World War, 1939-45: A strategical and tactical history | |
| 260 |
_aLondon, UK _bEyre and Spottiswoode |
||
| 300 | _axiv,431p | ||
| 942 |
_cTEXL _h940, FUL |
||
| 999 |
_c1323186 _d1323186 |
||